LIBRARY & INFORMATION CENTRE, KCAET, TAVANUR

ONLINE PUBLIC ACCESS CATALOGUE (OPAC)

Food And Nutrition (Record no. 14362)

MARC details
000 -LEADER
fixed length control field 00275nam a22001217a 4500
020 ## - INTERNATIONAL STANDARD BOOK NUMBER
ISBN 9789380902623
082 ## - DEWEY DECIMAL CLASSIFICATION NUMBER
Classification number 664
Item number CHA/FO
100 ## - MAIN ENTRY--AUTHOR NAME
Personal name Chandna,Rati Sagar
245 ## - TITLE STATEMENT
Title Food And Nutrition
260 ## - PUBLICATION, DISTRIBUTION, ETC. (IMPRINT)
Place of publication Jaipur
Name of publisher Aadi Publications
Year of publication 2011
300 ## - PHYSICAL DESCRIPTION
Number of Pages 257
942 ## - ADDED ENTRY ELEMENTS (KOHA)
Koha item type Books
Holdings
Withdrawn status Lost status Damaged status Collection code Home library Current library Shelving location Date acquired Source of acquisition Cost, normal purchase price Full call number Accession Number Koha item type
        KAUAET KAUAET General Stacks 24/06/2016 Aman Book Stall Calicut 795.00 664 CHA/FO 24646 Books
free website counter